NBA Nicknames - Statistics

General Stats
  • This quiz has been taken 120 times
    102 since last reset
  • The average score is 28 of 39
Answer Stats
Nickname Answer % Correct
"Black Mamba" Kobe Bryant
100%
"G.O.A.T"/"Black Cat"/"Air" Michael Jordan
99%
"Uncle Drew" Kyrie Irving
98%
"The Beard" James Harden
97%
"Dr. J" Julius Erving
97%
"King James" LeBron James
97%
"Magic" Magic Johnson
97%
"Slim Reaper"/"Snake" Kevin Durant
96%
"Larry Legend" Larry Bird
96%
"PG-13"/"PG" Paul George
96%
"Diesel" Shaquille O'Neal
96%
"Greek Freak" Giannis Antetokounmpo
94%
"Chef"/"Babyface Assassin" Steph Curry
94%
"Dolla"/"Dame Time" Damian Lillard
93%
"The Claw" Kawhi Leonard
93%
"The Logo" Jerry West
91%
"The Mailman" Karl Malone
91%
"AD" Anthony Davis
90%
"The Dream" Hakeem Olajuwon
88%
"The Answer" Allen Iverson
86%
"The Glove" Gary Payton
84%
"The Admiral" David Robinson
81%
"Pistol" Pete Maravich
77%
"The Big Ticket" Kevin Garnett
72%
"JJJ" Jaren Jackson Jr.
71%
"White Chocolate" Jason Williams
69%
"The Truth" Paul Pierce
69%
"Hillbilly Kobe"/"AR15" Austin Reaves
58%
"White Mamba" Brian Scalabrine
53%
"Iceman" George Gervin
52%
"The Big Dipper" Wilt Chamberlain
38%
"Bald Mamba" Alex Caruso
29%
"Houdini Of The Hardwood" Bob Cousy
26%
World B. Free Lloyd B. Free
24%
"Reign Man" Shawn Kemp
24%
"Chocolate Thunder" Darryl Dawkins
21%
"Sam I Am"/"The Space-Man" Sam Cassell
11%
"Red Mamba" Matt Bonner
10%
"Born Ready" Lance Stephenson
8%
No matching quizzes found
Score Distribution
Percent of People with Each Score
Percentile by Number Answered
Your Score History
You have not taken this quiz since the last reset